Against interpretation
Gorde:
| Egile nagusia: | |
|---|---|
| Formatua: | Liburua |
| Hizkuntza: | Undetermined |
| Argitaratua: |
New York
Delta Book
1966
|
| Gaiak: | |
| Etiketak: |
Etiketa erantsi
Etiketarik gabe, Izan zaitez lehena erregistro honi etiketa jartzen!
|
| Thư viện lưu trữ: | Trung tâm Học liệu Trường Đại học Cần Thơ |
|---|
| LEADER | 00536nam a2200205Ia 4500 | ||
|---|---|---|---|
| 001 | CTU_91177 | ||
| 008 | 210402s9999 xx 000 0 und d | ||
| 082 | |a 809.04 | ||
| 082 | |b S698 | ||
| 100 | |a Sontag, Susan | ||
| 245 | 0 | |a Against interpretation | |
| 245 | 0 | |c Susan Sontag | |
| 260 | |a New York | ||
| 260 | |b Delta Book | ||
| 260 | |c 1966 | ||
| 650 | |a Literature, modern,Criticism | ||
| 650 | |x History and criticism | ||
| 650 | |y 20th century | ||
| 904 | |i Nguyên | ||
| 980 | |a Trung tâm Học liệu Trường Đại học Cần Thơ | ||